00585 a2200181 4500003000400000005001700004008004100021020001500062040000900077082001900086100002500105245003600130260003900166300000900205942004400214952012800258999001700386OSt20231218130923.0231218b |||||||| |||| 00| 0 eng d a8170556368 coclc a891.431bJAI/G aJain, Sunitha910162 aGANGA TAT DEKHA /cSunitha Jain aNew Delhi:bVani Prakashan,c1998. a108p 2ddccBKh891.431iJAI/Gk891.431mJAI/G 00102ddc40708POEaMESbMEScHINd2023-12-18l0o891.431 JAI/Gp43097r2023-12-18 13:10:10v95.00w2023-12-18yBKzGR6R5 c43463d43463